Statistics for Every Champions League Winners

Click here to take the quiz!

General Stats

  • This quiz has been taken 33 times
  • The average score is 64 of 68

Answer Stats

HintAnswer% Correct
1989-1990ItalyAC Milan
100%
1993-1994ItalyAC Milan
100%
2002-2003ItalyAC Milan
100%
2006-2007ItalyAC Milan
100%
1962-1963ItalyAC Milan
100%
1988-1989ItalyAC Milan
100%
1968-1969ItalyAC Milan
100%
2010-2011SpainBarcelona
100%
1991-1992SpainBarcelona
100%
2005-2006SpainBarcelona
100%
2008-2009SpainBarcelona
100%
2014-2015SpainBarcelona
100%
1975-1976West GermanyBayern Munchen
100%
1974-1975West GermanyBayern Munchen
100%
2019-2020GermanyBayern Munchen
100%
2012-2013GermanyBayern Munchen
100%
2000-2001GermanyBayern Munchen
100%
1973-1974West GermanyBayern Munchen
100%
2020-2021EnglandChelsea
100%
2011-2012EnglandChelsea
100%
1963-1964ItalyInternatzionale
100%
2009-2010ItalyInternatzionale
100%
1964-1965ItalyInternatzionale
100%
1976-1977EnglandLiverpool
100%
1977-1978EnglandLiverpool
100%
2018-2019EnglandLiverpool
100%
2004-2005EnglandLiverpool
100%
1980-1981EnglandLiverpool
100%
1983-1984EnglandLiverpool
100%
2022-2023EnglandManchester City
100%
2007-2008EngalndManchester United
100%
2003-2004PortugalPorto
100%
1986-1987PortugalPorto
100%
2001-2002SpainReal Madrid
100%
1999-2000SpainReal Madrid
100%
1997-1998SpainReal Madrid
100%
1965-1966SpainReal Madrid
100%
2013-2014SpainReal Madrid
100%
1955-1956SpainReal Madrid
100%
2016-2017SpainReal Madrid
100%
2017-2018SpainReal Madrid
100%
1959-1960SpainReal Madrid
100%
1958-1959SpainReal Madrid
100%
1956-1957SpainReal Madrid
100%
1957-1958SpainReal Madrid
100%
2021-2022SpainReal Madrid
100%
2015-2016SpainReal Madrid
100%
1970-1971NetherlandsAFC Ajax
96%
1971-1972NetherlandsAFC Ajax
96%
1972-1973NetherlandsAFC AJAX
96%
1994-1995NetherlandsAFC Ajax
96%
1960-1961PortugalBenfica
93%
1961-1962PortugalBenfica
93%
1966-1967ScotlandCeltic
93%
1996-1997GermanyBorussia Dortmund
89%
1995-1996ItalyJuventus
89%
1984-1985ItalyJuventus
89%
1987-1988NetherlandsPSV Eindhoven
89%
1978-1979EnglandNottingham Forest
86%
1979-1980EnglandNottingham Forest
86%
1992-1993FranceOlympique Marseille
79%
1982-1983West GermanyHamburg SV
75%
1981-1982EnglandAston Villa
71%
1990-1991YugoslaviaRed Star Belgrade
71%
1969-1970NetherlandsFeyenoord
68%
1967-1968EnglandManschester United
68%
1998-1999EnglandManschester United
68%
1985-1986RomaniaSteaua Bucuresti
39%

Score Distribution

Percentile by Number Answered

Percent of People with Each Score

Your Score History

You have not taken this quiz